Engineering statistics demystified / (Record no. 1010)

MARC details
000 -LEADER
fixed length control field 01011nam a22001937a 4500
005 - DATE AND TIME OF LATEST TRANSACTION
control field 20250420134833.0
008 - FIXED-LENGTH DATA ELEMENTS--GENERAL INFORMATION
fixed length control field 231105b ||||| |||| 00| 0 eng d
020 ## - INTERNATIONAL STANDARD BOOK NUMBER
International Standard Book Number 9780071462723
040 ## - CATALOGING SOURCE
Transcribing agency KCST
082 ## - DEWEY DECIMAL CLASSIFICATION NUMBER
Classification number 519.502462
Item number St En
100 ## - MAIN ENTRY--PERSONAL NAME
Personal name Stephens, Larry J.
9 (RLIN) 7859
245 ## - TITLE STATEMENT
Title Engineering statistics demystified /
Statement of responsibility, etc. Larry J. Stephens
260 ## - PUBLICATION, DISTRIBUTION, ETC.
Place of publication, distribution, etc. New York:
Name of publisher, distributor, etc. McGraw-Hill;
Date of publication, distribution, etc. 2007
300 ## - PHYSICAL DESCRIPTION
Extent 434 p.
505 ## - FORMATTED CONTENTS NOTE
Formatted contents note <br/>PrefaceAcknowledgmentsChapter 1: Treatment of Data Using EXCEL, MINITAB, SAS, SPSS, and STATISTIXChapter 2: ProbabilityChapter 3: Probability Distributions for Discrete Random VariablesChapter 4: Probability Densities for Continuous Random Variables and Introduction to MAPLEChapter 5: Sampling DistributionsChapter 6: Inferences Concerning MeansChapter 7: Inferences Concerning VariancesChapter 8: Inferences Concerning ProportionsFINAL EXAMINATIONSSOLUTIONS TO CHAPTER EXERCISESBIBLIOGRAPHYINDEX
650 ## - SUBJECT ADDED ENTRY--TOPICAL TERM
Topical term or geographic name entry element Engineering
Form subdivision Statistical methods
9 (RLIN) 5534
942 ## - ADDED ENTRY ELEMENTS (KOHA)
Koha item type Book
942 ## - ADDED ENTRY ELEMENTS (KOHA)
Source of classification or shelving scheme Dewey Decimal Classification
Holdings
Withdrawn status Lost status Source of classification or shelving scheme Damaged status Not for loan Home library Current library Date acquired Source of acquisition Cost, normal purchase price Total checkouts Full call number Barcode Date last seen Price effective from Koha item type
    Dewey Decimal Classification     KCST Library KCST Library 26/10/2023 Procured - KCST-INV011 11.00   519.502462 St En 1000001431 05/11/2023 05/11/2023 Book
    Dewey Decimal Classification     KCST Library KCST Library 26/10/2023 Procured - KCST-INV011 11.00   519.502462 St En 1000001432 05/11/2023 05/11/2023 Book
© 2025 KCST. All rights reserved